| 000 | 00352nam a22001457a 4500 | ||
|---|---|---|---|
| 003 | OSt | ||
| 005 | 20220218101336.0 | ||
| 008 | 220218b |||||||| |||| 00| 0 eng d | ||
| 020 | _a9788120330276 | ||
| 040 | _cHU | ||
| 082 |
_23rd _a658.872 |
||
| 100 |
_aAwad _930813 |
||
| 245 | _aElectronic Commerce From Vision To Fulfillment | ||
| 942 |
_2ddc _cBOOKS _n0 |
||
| 999 |
_c30768 _d30768 |
||